Studies in economic rationality (Record no. 511812)

MARC details
000 -LEADER
fixed length control field 00734nam a2200253Ia 4500
003 - CONTROL NUMBER IDENTIFIER
control field OSt
005 - DATE AND TIME OF LATEST TRANSACTION
control field 20220925185702.0
008 - FIXED-LENGTH DATA ELEMENTS--GENERAL INFORMATION
fixed length control field 220923b |||||||| |||| 00| 0 eng d
020 ## - INTERNATIONAL STANDARD BOOK NUMBER
International Standard Book Number 0472101544
037 ## - SOURCE OF ACQUISITION
Terms of availability General Book
040 ## - CATALOGING SOURCE
Original cataloging agency RTL
Transcribing agency RTL
Language of cataloging eng
041 ## - LANGUAGE CODE
Source of code eng
Language code of text/sound track or separate title eng
100 ## - MAIN ENTRY--PERSONAL NAME
Personal name Weiermair Klaus
9 (RLIN) 235434
245 #0 - TITLE STATEMENT
Title Studies in economic rationality
Remainder of title X-Efficiency exam
260 ## - PUBLICATION, DISTRIBUTION, ETC.
Place of publication, distribution, etc. Ann Arbor
Name of publisher, distributor, etc. University of Michigan Press
Date of publication, distribution, etc. 1990
300 ## - PHYSICAL DESCRIPTION
Extent ix;398p
Dimensions cm.
500 ## - GENERAL NOTE
General note Bibliography chapterwise
700 ## - ADDED ENTRY--PERSONAL NAME
Personal name Perlman Mark
942 ## - ADDED ENTRY ELEMENTS (KOHA)
Classification part XjN22L, N0
Koha item type General Books
Source of classification or shelving scheme Colon Classification (CC)

No items available.

Copyright @ Delhi University Library System